000 00522nam a2200181Ia 4500
001 22731
005 20260414150850.0
008 260414t2007||||xx |||||||||||||| ||spa||
041 _aESP
082 _a621.38853
_bM28
100 _aMatos Gómez, Jorge
_eAUT
245 0 _aSistemas DTH :
_barquitectura, estándares y tecnologías para los servicios vía satélite de TV Digital, Internet y HDTV
260 _c2007
300 _a252 páginas :
_c23 cm.
650 _aTCA
654 _aCET
942 _cLIB
_dJUS
_fJUS
_2ddc
_n
999 _c22731
_d22731